Catecismo de Gibraltar

Wedi'i Gadw mewn:
Manylion Llyfryddiaeth
Prif Awdur: Guillén Tato, Julio F (Awdur)
Fformat: Llyfr
Iaith:Sbaeneg
Cyhoeddwyd: Madrid, España Benidorm 1956
Pynciau:
Tagiau: Ychwanegu Tag
Dim Tagiau, Byddwch y cyntaf i dagio'r cofnod hwn!

MARC

LEADER 00000nam a2200000 a 4500
001 UCO1247
003 CL-VaPUC
005 20210512001603.0
008 000512e19560000SP |||||||||||||||||spa|d
999 |c 287876  |d 287874 
040 |c Pontificia Universidad Católica de Valparaíso 
082 0 4 |a 946.89 GUI 1956  |2 21 
100 |a Guillén Tato, Julio F  |e author  |9 515712 
245 1 0 |a Catecismo de Gibraltar 
260 |a Madrid, España  |b Benidorm  |c 1956 
300 |a 54 páginas 
583 |a last modification  |c 20160826 11:42:02  |k Rodrigo Vera 
650 7 |a HISTORIA DE ESPAÑA  |2 CL-VaPUC  |9 322090  |y SIGLO 18 
650 0 |a Tratados internacionales   |9 256056 
651 7 |a ESTRECHO DE GIBRALTAR  |2 CL-VaPUC  |9 261261 
852 |a BIBCUR 
942 |c BK  |2 ddc 
945 |d 20000512 00:00:00  |a rherrera 
952 |0 0  |1 0  |2 ddc  |4 0  |6 946_890000000000000_GUI_1956  |7 0  |8 A  |9 334956  |a BIBHIS  |b BIBHIS  |d 2019-11-20  |i 1269968  |o 946.89 GUI 1956  |p 1269968  |r 2025-01-20  |t 1  |w 2019-11-20  |y BK  |k HIS